Men of achievement (Record no. 16984)

MARC details
000 -LEADER
fixed length control field 00469nam a2200181Ia 4500
082 ## - DEWEY DECIMAL CLASSIFICATION NUMBER
Classification number RR 920.71 MEN-
245 #0 - TITLE STATEMENT
Title Men of achievement
250 ## - EDITION STATEMENT
Edition statement 10th
260 ## - PUBLICATION, DISTRIBUTION, ETC. (IMPRINT)
Place of publication Cambridge
Name of publisher International Biographical Centre
Year of publication 1984
300 ## - PHYSICAL DESCRIPTION
Number of Pages 854p.: Photographs
500 ## - GENERAL NOTE
General note Contents: Vol.10
504 ## - BIBLIOGRAPHY, ETC. NOTE
Bibliography, etc Ref. book
650 ## - SUBJECT ADDED ENTRY--TOPICAL TERM
Topical Term Celebrities - Biography
650 ## - SUBJECT ADDED ENTRY--TOPICAL TERM
Topical Term Biography - Directories - 1984
650 ## - SUBJECT ADDED ENTRY--TOPICAL TERM
Topical Term Men - Biography
700 ## - ADDED ENTRY--PERSONAL NAME
Personal name Kay, Ernest
942 ## - ADDED ENTRY ELEMENTS (KOHA)
Koha item type Books
Holdings
Withdrawn status Lost status Damaged status Not for loan Home library Current library Date acquired Bill Date Full call number Accession Number Price effective from Koha item type
        NASSDOC Library NASSDOC Library 08/06/2004 2004-10-22 RR 920.71 MEN- 18184 18/04/2019 Books